| 000 | 00414cam a22001573a 4500 | ||
|---|---|---|---|
| 001 | 0000672 | ||
| 003 | DO-SdBNP | ||
| 005 | 20180207112601.0 | ||
| 008 | 180207b xxu||||| |||| 00| 0 spa d | ||
| 020 | _a997262546X | ||
| 040 |
_aBPMSU _bspa _cBPMSU |
||
| 245 | 0 | 3 | _aLa vida y nuestro cuerpo / |
| 260 |
_aBarcelona : _bLexus, _bThema equipo editorial, _c2006. |
||
| 942 |
_2ddc _cBK |
||
| 945 | _ainventariado, 2018 / dg | ||
| 999 |
_c11375 _d11375 |
||